| 000 | 00466nas a2200193Ia 4500 | ||
|---|---|---|---|
| 001 | 82 | ||
| 008 | 151030s9999 xx 000 0 und d | ||
| 041 | 0 | _aEspañol | |
| 050 | 4 | _aR082 | |
| 245 | 1 | 0 | _aEducación superior : Boletín informativo |
| 260 | _aColombia : Ministerio de Educacion | ||
| 300 | _aNo, 2 - | ||
| 310 | _aTrimestral | ||
| 541 |
_aVarios _cDonación _d _h0 |
||
| 591 | _aFALSO | ||
| 592 | _avarios | ||
| 362 | 1 | _aNo, 2 (2004) -Ì | |
| 942 | _cCR | ||
| 999 |
_c49419 _d49419 |
||